02476nam a2200265 a 4500003000500000005001700005007001500022008004100037035001100078040000900089100003500098245019500133264004100328300004100369336002700410337002900437338003800466502003800504520148600542650002502028650001902053650003102072700005402103856005302157CHAP20240813140813.0cr ||||||a|c|a101019s2010 mx fom||| 00110 spa d a111114 cCHAP1 aHernández Vite, Cristóbal.10aEntomopatógenos y su efecto en la sobrevivenia de adultos del picudo del agave Scyphophorus acupunctatusc/por Cristóbal Hernández Vite; director de tesis Ariel Wilbert Guzmán Franco 1aChapingo, Méx. :bEl autor,c2010. a1 recurso en línea (59 páginas). 2rdacontentatextobtxt 2rdamediaacomputadorabc 2rdacarrierarecursos en lineabcr bIAEPAcParasitologíad2010gLIC aUna de las principales plagas del cultivo del agave, Agave tequilana var. Azul, es el insecto conocido comúnmente como “picudo del agave”, Scyphophorus acupunctatus, el cual causa graves daños a la planta principalmente a la piña o bola del agave, que es la fuente de la materia prima para la producción del tequila. Este insecto es también considerado un vector de hongos y bacterias que ocasionan grandes problemas a la planta, que trae como consecuencia al final la muerte de ésta. En este trabajo se utilizaron cinco aislamientos de hongos entomopatógenos, Beauveria bassiana (Bb1), B. bassiana (Bb2), Metarhizium anisopliae (GC01), B. bassiana (Bb88) y Fusarium sp. (Fu1). Estos aislamientos fueron evaluados en adultos de picudo del agave para estimar los niveles de virulencia hacia este insecto. Diferentes grupos de 15 individuos adultos de este insecto fueron inoculados mediante inmersión durante 20 seg en suspensiones con una concentración de 4.9 x 107 conidios/mL. El aislamiento de Fusarium sp. no tuvo ningún efecto en la sobrevivencia de los picudos. Los niveles de mortalidad de los aislamientos Bb1, Bb2, GC01 y Bb88 fueron estadísticamente similares. Sin embargo, el aislamiento Bb2 presentó consistentemente mortalidades mayores al resto de los aislamientos. El potencial para que los aislamientos que ocasionaron altas mortalidades puedan ser empleados como alternativas de control del picudo en plantaciones de agave es discutido.04aAgavexEnfermedades.04aAgavexPlagas.04aScyphophorus acupunctatus. aGuzmán Franco, Ariel WilberteDirector de tesis uhttp://10.13.5.2/tesis/111114.pdfzDESCARGAR PDF